00545 2200181 4500001002100000005001500021035002000036245010600056100002400162260004400186300002600230020002200256084001400278082000800292650001000300008004100310990001200351INLIS00000000000271120251007090457 a0010-09250000581 aSejarah Kota Jakarta : Bangunan Bersejarah Dan Cagar Budaya Era Hindia Belanda /cThomas B. Ataladjar aThomas B. Ataladjar aJakarta :bEsensi Erlangga Group,c2023 a206 ;c(14,5 x 21 cm) a978-602-6847-90-4 a900 THO s a900 4aFiksi251007 0  a0754913